Sujetos sociales en el desarrollo de las instituciones sanitarias en Chile : 1889-1938 /

Casi todas las fuentes consultadas, así como testimonios de algunos protagonistas de ese debate parlamentario 2 , parecen demostrar que en esa situación se asistió a un fenómeno de consenso político, que puede encontrarse sustentado en la percepción generalizada entre la elite y los agentes del esta...

Descripción completa

Detalles Bibliográficos
Autor principal: Lagos Garay, Guido
Formato: Analitica de revista
Lenguaje:español
Publicado: Santiago, Chile Universidad Bolivariana 2004
Acceso en línea:Acceso electrónico al documento

MARC

LEADER 00000cab a2200000 a 4500
001 037211
003 UAHC_CL
005 20170803124113.0
008 091021b2001 cl 000 spa
040 |a UAHC_CL  |c UAHC_CL  |d UAHC_CL 
100 1 |a Lagos Garay, Guido 
245 1 0 |a Sujetos sociales en el desarrollo de las instituciones sanitarias en Chile :  |b 1889-1938 /  |c Carlos Antonio Molina Bustos. 
260 |b Universidad Bolivariana  |a Santiago, Chile  |c 2004 
300 |a p. 373-420 
500 |a En: Polis. Revista de la Universidad Bolivariana. Vol. 3, no. 9, 2004. pp. 373-420. ISSN: 0717-6554. 
520 |a Casi todas las fuentes consultadas, así como testimonios de algunos protagonistas de ese debate parlamentario 2 , parecen demostrar que en esa situación se asistió a un fenómeno de consenso político, que puede encontrarse sustentado en la percepción generalizada entre la elite y los agentes del estado, de que la organización y la movilización sostenida del mundo de los trabajadores, tanto de sus expresiones legales como de aquellas ilegalizadas, podía constituir una amenaza real al orden social y político vigentes. Por estas razones, me ha resultado atractivo e interesante estudiar las causas más profundas de ese consenso, toda vez que el carácter amenazador para el orden vigente que representó el movimiento popular organizado, era de larga data en la historia social de Chile y se arraiga en los albores de la organización social de los pobres, como expresión politizada de la Cuestión Social, en las primeras dos décadas del siglo XX. ¿Qué hubo detrás de ese consenso? ¿Qué o quiénes constituyeron una amenaza al orden social vigente y por qué? 
520 |a Casi todas las fuentes consultadas, así como testimonios de algunos protagonistas de ese debate parlamentario 2 , parecen demostrar que en esa situación se asistió a un fenómeno de consenso político, que puede encontrarse sustentado en la percepción generalizada entre la elite y los agentes del estado, de que la organización y la movilización sostenida del mundo de los trabajadores, tanto de sus expresiones legales como de aquellas ilegalizadas, podía constituir una amenaza real al orden social y político vigentes. Por estas razones, me ha resultado atractivo e interesante estudiar las causas más profundas de ese consenso, toda vez que el carácter amenazador para el orden vigente que representó el movimiento popular organizado, era de larga data en la historia social de Chile y se arraiga en los albores de la organización social de los pobres, como expresión politizada de la Cuestión Social, en las primeras dos décadas del siglo XX. ¿Qué hubo detrás de ese consenso? ¿Qué o quiénes constituyeron una amenaza al orden social vigente y por qué? 
759 |a PP103 
773 0 |t Polis : Revista de la Universidad Bolivariana.  |w 037122 
856 |u http://www.revistapolis.cl/polis%20final/9/suje.htm  |3 Acceso electrónico al documento  |y Acceso electrónico al documento 
856 |u http://www.revistapolis.cl/polis%20final/9/suje.htm  |3 Acceso electrónico al documento  |y Acceso electrónico al documento 
900 |a POLIS-09/04 
942 |c REVA 
952 |0 0  |1 0  |4 0  |6 POLIS_09_04_000000000000000  |7 0  |8 General  |9 71131  |a BC  |b BC  |c General  |d 2017-08-03  |l 0  |o POLIS-09/04  |p FICTICIO5309  |r 2019-01-08 00:00:00  |t 1  |w 2017-08-03  |y REVA 
999 |c 37211  |d 37211